000 00493nam a2200169Ia 4500
008 131103s9999 xx 000 0 und d
040 _aLoreto College
041 _aEnglish
082 _aMIS/YEP
_bLCBED/11554
100 _aYepsen, Roger B.
245 _aHow to boost your brain power
_b achieving peak intelligence, memory and creativity
_cRoger B.Yepsen
260 _aDelhi
_bUniversal Book
_c1994
300 _a220p.
_c 23cm.
650 _aMis
850 _aLCBED/MIS/YEP
942 _cBK
999 _c34368
_d84847